000 01291nam a22002057a 4500
999 _c58693
_d58693
003 Ge_BSU
005 20220629133145.0
008 220629s2021 ge ||||| |||| 00| 0 geo d
041 _ageo
080 _a634.424.8 ფ-38
245 _aფეიჰოა :
_bფეიჰოას წარმოების აგროტექნოლოგია /
_cგარემოს დაცვითი ინფორმაციისა და განათლების ცენტრი.
264 _c2021.
300 _a29 გვ.
_bილ. ;
_c30 სმ.
504 _aბიბლიოგრ. გვ. 29
653 _aფეიჰოა
653 _a წარმოების აგროტექნოლოგია
710 _aგარემოს დაცვითი ინფორმაციისა და განათლების ცენტრი.
_914245
856 _uhttps://gfa.org.ge/wp-content/uploads/2018/11/%E1%83%A4%E1%83%94%E1%83%98%E1%83%B0%E1%83%9D%E1%83%90%E1%83%A1-%E1%83%AC%E1%83%90%E1%83%A0%E1%83%9B%E1%83%9D%E1%83%94%E1%83%91%E1%83%98%E1%83%A1-%E1%83%90%E1%83%92%E1%83%A0%E1%83%9D%E1%83%A2%E1%83%94%E1%83%A5%E1%83%9C%E1%83%9D%E1%83%9A%E1%83%9D%E1%83%92%E1%83%98%E1%83%90.pdf
_yელ. ვერსია. pdf
942 _2udc
_cBK